All the Russias (Record no. 553329)

000 -LEADER
fixed length control field 00780cam a2200193K 4500
082 ## - DEWEY DECIMAL CLASSIFICATION NUMBER
Classification number 914.7
Author Mark NOR
100 1# - MAIN ENTRY--PERSONAL NAME
Personal name Norman, Henry,
9 (RLIN) 50584
245 10 - TITLE STATEMENT
Title All the Russias
Remainder of title travels and studies in contemporary European Russia, Finland, Siberia, the Caucasus, & Central Asia.
Statement of responsibility, etc. With 137 illus., chiefly from the author's photos.
250 ## - EDITION STATEMENT
Edition statement 2d ed.
260 ## - PUBLICATION, DISTRIBUTION, ETC.
Place of publication, distribution, etc. London,
Date of publication, distribution, etc. Heinemann,
-- 1902.
300 ## - PHYSICAL DESCRIPTION
Extent 1 online resource (xvi, 476 p.)
Other physical details illus., ports., maps (1 fold.)
526 ## - STUDY PROGRAM INFORMATION NOTE
Program name 0
Interest level 0
Reading level 0
Title point value 914_700000000000000_NOR
650 #0 - SUBJECT ADDED ENTRY--TOPICAL TERM
Topical term or geographic name entry element Eastern question (Central Asia)
9 (RLIN) 5486
650 #0 - SUBJECT ADDED ENTRY--TOPICAL TERM
Topical term or geographic name entry element MCE
9 (RLIN) 379
700 1# - ADDED ENTRY--PERSONAL NAME
Personal name Tolstoy, Leo,
9 (RLIN) 3266
856 40 - ELECTRONIC LOCATION AND ACCESS
Uniform Resource Identifier <a href="http://books.google.com/books?id=KvFWAAAAMAAJ">http://books.google.com/books?id=KvFWAAAAMAAJ</a>
856 40 - ELECTRONIC LOCATION AND ACCESS
Uniform Resource Identifier <a href="http://catalog.hathitrust.org/api/volumes/oclc/6326594.html">http://catalog.hathitrust.org/api/volumes/oclc/6326594.html</a>
942 ## - ADDED ENTRY ELEMENTS (KOHA)
Source of classification or shelving scheme
Koha item type Book
Holdings
Withdrawn status Lost status Source of classification or shelving scheme Damaged status Not for loan Permanent Location Current Location Shelving location Date acquired Total Checkouts Full call number Barcode Date last seen Price effective from Koha item type
          Military College of Engineering (MCE) Military College of Engineering (MCE)   02/04/2015   914.7 NOR MCE-ECA .9 02/04/2015 02/04/2015 Book
© 2023 Central Library, National University of Sciences and Technology. All Rights Reserved.